|
|
|
|
| LEADER |
00833nam a22002652a 4500 |
| 001 |
001452551 |
| 003 |
CZ BrMZK |
| 005 |
20150129115457.0 |
| 007 |
ta |
| 008 |
150129s1961 xr er|||||||||||cze d |
| 015 |
|
|
|a cnb000688724
|
| 035 |
|
|
|a (OCoLC)85468018
|
| 040 |
|
|
|a ABA001
|b cze
|c OSA001
|d ABA001
|d BOA001
|
| 080 |
9 |
|
|a 641.8(083.74)
|
| 245 |
0 |
0 |
|a Normy studené kuchyně.
|n 1. dodatek
|
| 250 |
|
|
|a 1. vyd.
|
| 260 |
|
|
|a Praha :
|b Vydav. obch.,
|c 1961
|
| 300 |
|
|
|a 224 s. ;
|c 8°
|
| 500 |
|
|
|a 10000 výt.
|
| 550 |
|
|
|a Vydavatel: Ministerstvo vnitřního obchodu
|
| 710 |
1 |
|
|a Československo.
|b Ministerstvo vnitřního obchodu
|7 olak2003164531
|
| 910 |
|
|
|a BOA001
|b 2-0399.288,dodatek
|
| 990 |
|
|
|a BK
|
| 991 |
|
|
|b 201501
|
| 996 |
6 |
|
|b 2619129202
|c 2-0399.288,dodatek
|l MZK
|r Sklad / do 24 hodin
|n 1
|w 001487535
|u 000010
|a 1
|e BOA001
|j MZK50
|s P
|